000 00691nam a2200217 a 4500
001 000040460
005 20240530073922.0
008 130826s20012003dr r 000 f spa d
020 _a9993432156
040 _aDO-SdBNP
_bspa
_cBNPHU
082 _aRD863.3
_bB719mo, 2001
100 1 _aBonó, Pedro Francisco
_966755
245 1 3 _aEl montero /
_cPedro Francisco Bonó.
260 _aSanto Domingo :
_bColé,
_c2001 - 2003.
300 _a100 p. ;
_c19 cm.
500 _aIncluye datos biográficos del autor en la contracubierta
590 _aInventariado, 2019/DG
650 0 _aNovela dominicana
_9223
650 0 _aLiteratura dominicana.
_967
910 _aValidado. Control de calidad. MFF
999 _c39950
_d39950